000 004460000a22001570004500
003 MACL
005 20180218151711.0
008 180218b xxu||||| |||| 00| 0 eng d
040 _cmacl
100 _aडाँ राहिदा सिद्धिकी
_970434
245 _aमान ना मान
260 _bआशिया
_c2007
350 _a125
650 _aव्‍यंग्‍य
_970435
942 _cHIN
_k891.437/SID
_2ddc
999 _c10718
_d10718